[Event "Titled Tuesday intern op 06th Apr"]
[Site "Chess.com INT"]
[Date "2021.04.06"]
[Round "1"]
[White "Steel, Henry Robert"]
[Black "Zhou, Qiyu"]
[Result "1-0"]
[WhiteElo "2418"]
[BlackElo "2229"]
[PlyCount "95"]
[EventDate "2021.04.06"]
[EventType "swiss (blitz)"]
[EventRounds "11"]
[EventCountry "USA"]
[SourceTitle "CBM 201 Extra"]
[Source "ChessBase"]
[SourceDate "2021.05.31"]
[SourceVersion "1"]
[SourceVersionDate "2021.05.31"]
[SourceQuality "1"]

1. e4 e5 2. Nf3 Nc6 3. d4 exd4 4. Nxd4 Nf6 5. Nc3 Bc5 6. Nb3 Bb6 7. Qe2 d6 8. Be3 0-0 9. 0-0-0 Be6 10. f3 Na5 11. Bxb6 axb6 12. Kb1 Nxb3 13. cxb3 Qb8 14. g4 Nd7 15. f4 f6 16. h4 Nc5 17. f5 Bf7 18. Qc2 Nd7 19. Bc4 Ne5 20. Bxf7+ Rxf7 21. g5 Qa7 22. a3 Qa5 23. Rhg1 b5 24. gxf6 Rxf6 25. Nd5 Rf7 26. f6 g6 27. h5 b4 28. hxg6 Nxg6 29. a4 Qc5 30. Ne7+ Kf8 31. Nxg6+ hxg6 32. Qh2 Qh5 33. Qf4 Rh7 34. Rd5 Qh2 35. Qxh2 Rxh2 36. Rxg6 Kf7 37. Rg7+ Kxf6 38. Rxc7 Re8 39. Rxd6+ Ke5 40. Rb6 Kxe4 41. Rxb4+ Kf3 42. Rbxb7 Ree2 43. Rf7+ Kg4 44. Rg7+ Kf5 45. Rbf7+ Ke4 46. Re7+ Kd5 47. Rxe2 Rxe2 48. Rc7 1-0

[Event "Titled Tuesday intern op 9th June"]
[Site "Chess.com INT"]
[Date "2020.06.09"]
[Round "10"]
[White "Harsha, Bharathakoti"]
[Black "Steel, Henry Robert"]
[Result "1-0"]
[WhiteElo "2509"]
[BlackElo "2418"]
[PlyCount "81"]
[EventDate "2020.06.09"]
[EventType "swiss (blitz)"]
[EventRounds "10"]
[EventCountry "USA"]
[SourceTitle "CBM 196 Extra"]
[Source "ChessBase"]
[SourceDate "2020.07.31"]
[SourceVersion "1"]
[SourceVersionDate "2020.07.31"]
[SourceQuality "1"]

1. Nf3 Nf6 2. d4 e6 3. c4 d5 4. Nc3 Bb4 5. cxd5 exd5 6. Bf4 0-0 7. Rc1 c6 8. e3 Bd6 9. Bg5 h6 10. Bh4 Bf5 11. Bd3 Bxd3 12. Qxd3 Nbd7 13. 0-0 Re8 14. Rb1 Nf8 15. b4 a6 16. Qf5 Re6 17. a4 Ng6 18. Bg3 Bxg3 19. hxg3 Ne4 20. Nxe4 Rxe4 21. b5 axb5 22. axb5 Ne7 23. Qh5 f6 24. bxc6 bxc6 25. Rb7 Qe8 26. Qh3 Qc8 27. Qxc8+ Rxc8 28. Ra1 h5 29. Raa7 Kf8 30. Nd2 Re6 31. Nb3 Nf5 32. Rf7+ Kg8 33. Nc5 Ree8 34. Nd3 Ra8 35. Nf4 Rxa7 36. Rxa7 h4 37. gxh4 Nxh4 38. Rc7 g5 39. Nh5 Re6 40. g4 Ng6 41. Rg7+ 1-0

[Event "Titled Tuesday intern op 9th June"]
[Site "Chess.com INT"]
[Date "2020.06.09"]
[Round "1"]
[White "Winslow, Elliott C"]
[Black "Steel, Henry Robert"]
[Result "0-1"]
[WhiteElo "2150"]
[BlackElo "2418"]
[PlyCount "102"]
[EventDate "2020.06.09"]
[EventType "swiss (blitz)"]
[EventRounds "10"]
[EventCountry "USA"]
[SourceTitle "CBM 196 Extra"]
[Source "ChessBase"]
[SourceDate "2020.07.31"]
[SourceVersion "1"]
[SourceVersionDate "2020.07.31"]
[SourceQuality "1"]

1. e4 c5 2. Nf3 e6 3. d4 cxd4 4. Nxd4 Nc6 5. Nc3 Qc7 6. Be2 Nf6 7. Be3 Be7 8. 0-0 0-0 9. f4 d6 10. a4 Nxd4 11. Bxd4 e5 12. Be3 b6 13. Kh1 Bb7 14. Bf3 Rac8 15. Rf2 Rfd8 16. Qd3 Qc4 17. Rd2 Qxd3 18. Rxd3 Nd7 19. Rad1 exf4 20. Bxf4 Ne5 21. Rd4 Nc4 22. Nb5 Nxb2 23. Rb1 Rxc2 24. Bxd6 Bxd6 25. Rxd6 Rxd6 26. Nxd6 Bc6 27. e5 Bxa4 28. Bd5 Kf8 29. Rf1 f6 30. exf6 gxf6 31. Be4 Rd2 32. Nf5 Bd7 33. Ng3 Nc4 34. Rxf6+ Ke7 35. Rf1 a5 36. Bxh7 Bc6 37. Be4 Bxe4 38. Nxe4 Re2 39. Nc3 Rc2 40. Nb5 Kd7 41. h4 Ne3 42. h5 Nxf1 43. h6 Rc5 44. Nd4 Rh5+ 45. Kg1 Rxh6 46. Kxf1 Rh4 47. Nf3 Rf4 48. Ke2 Rxf3 49. gxf3 Ke6 50. Kd3 Kf5 51. Kc4 Kf4 0-1

[Event "Titled Tuesday intern op 26th May"]
[Site "Chess.com INT"]
[Date "2020.05.26"]
[Round "3"]
[White "Marra, Eduardo da Costa"]
[Black "Steel, Henry Robert"]
[Result "0-1"]
[WhiteElo "2210"]
[BlackElo "2418"]
[PlyCount "122"]
[EventDate "2020.05.26"]
[EventType "swiss (blitz)"]
[EventRounds "10"]
[EventCountry "USA"]
[SourceTitle "CBM 196 Extra"]
[Source "ChessBase"]
[SourceDate "2020.07.31"]
[SourceVersion "1"]
[SourceVersionDate "2020.07.31"]
[SourceQuality "1"]

1. e4 c5 2. Nf3 e6 3. d4 cxd4 4. Nxd4 Nc6 5. Nc3 Qc7 6. g3 a6 7. Bg2 d6 8. 0-0 Bd7 9. Re1 Be7 10. a4 Nf6 11. Nb3 0-0 12. a5 Ne5 13. Nd2 Rac8 14. h3 Rfd8 15. f4 Nc4 16. Nxc4 Qxc4 17. Be3 d5 18. e5 Ne4 19. Nxe4 dxe4 20. c3 Bc5 21. Qe2 Qxe2 22. Rxe2 Bb5 23. Ree1 Rd2 24. Bxc5 Rxc5 25. Rad1 Rcd5 26. Rxd2 Rxd2 27. b4 Rd3 28. Kh2 Bc6 29. Bxe4 Rxc3 30. Bxc6 Rxc6 31. Rd1 h5 32. Rd7 b6 33. Ra7 bxa5 34. bxa5 g6 35. g4 hxg4 36. hxg4 g5 37. fxg5 Kg7 38. Kg3 Kg6 39. Kf4 Rc4+ 40. Kf3 Rc6 41. Ke4 Kxg5 42. Kd4 Kg6 43. Rb7 Rc1 44. Rb6 Rd1+ 45. Kc5 Rd5+ 46. Kc6 Rxe5 47. Rxa6 Kg5 48. Ra7 Kxg4 49. Rxf7 Rxa5 50. Kd6 e5 51. Re7 Kf4 52. Rf7+ Ke3 53. Rf5 Kd4 54. Rh5 Ra6+ 55. Ke7 e4 56. Rh8 e3 57. Rd8+ Ke4 58. Rb8 e2 59. Rb4+ Ke3 60. Rb3+ Kf2 61. Rb2 Kf1 0-1

[Event "Titled Tuesday intern op 12th May"]
[Site "Chess.com INT"]
[Date "2020.05.12"]
[Round "3"]
[White "Obgolts, Erik"]
[Black "Steel, Henry Robert"]
[Result "1-0"]
[WhiteElo "2376"]
[BlackElo "2418"]
[PlyCount "141"]
[EventDate "2020.05.12"]
[EventType "swiss (blitz)"]
[EventRounds "10"]
[EventCountry "USA"]
[SourceTitle "EXT 2021"]
[Source "ChessBase"]
[SourceDate "2020.10.23"]
[SourceVersion "1"]
[SourceVersionDate "2020.10.23"]
[SourceQuality "1"]

1. d4 Nf6 2. Nf3 e6 3. Bf4 c5 4. e3 Qb6 5. Qc1 Be7 6. Nbd2 d5 7. c3 0-0 8. h3 Nc6 9. Bd3 Bd7 10. 0-0 Rac8 11. Qb1 cxd4 12. exd4 Na5 13. Ne5 Bb5 14. Bxb5 Qxb5 15. a4 Qb6 16. Re1 Nb3 17. Nxb3 Qxb3 18. Re2 Ne4 19. Qd1 Qxd1+ 20. Rxd1 Nd6 21. Nd7 Rfd8 22. Nc5 b6 23. Bxd6 Bxd6 24. Nd3 Rc4 25. Ra1 a5 26. g3 g6 27. f4 h5 28. Kf2 Kf8 29. Kf3 Ke7 30. Ke3 Kd7 31. Kd2 Rdc8 32. Rh2 Rh8 33. Kc2 Rcc8 34. Kb3 Rb8 35. Rah1 Ke7 36. Re2 Kd7 37. Rf1 Rbc8 38. g4 hxg4 39. hxg4 Rh4 40. f5 gxf5 41. gxf5 Re8 42. fxe6+ fxe6 43. Rf7+ Re7 44. Rf8 Rg7 45. Ra8 Re4 46. Rf2 Kc6 47. Rc8+ Kb7 48. Re8 Kc6 49. Rf3 Re7 50. Rxe7 Bxe7 51. Ne5+ Kd6 52. Nf7+ Kc7 53. Ne5 Kd6 54. Rf7 Rh4 55. Rxe7 Kxe7 56. Ng6+ Kd6 57. Nxh4 e5 58. dxe5+ Kxe5 59. Nf3+ Ke4 60. Nd4 Kd3 61. Ne6 Ke4 62. Nd4 Kd3 63. Nc6 Ke4 64. Kc2 Ke3 65. Nd4 Ke4 66. Nb5 Ke3 67. Nd6 Kf4 68. Nc8 Ke5 69. Nxb6 d4 70. Nc4+ Kd5 71. Nxa5 1-0

[Event "Fufeng BRICS Masters 1st"]
[Site "Fufeng"]
[Date "2017.04.24"]
[Round "5"]
[White "Sethuraman, SP."]
[Black "Steel, Henry Robert"]
[Result "1-0"]
[WhiteElo "2619"]
[BlackElo "2414"]
[PlyCount "87"]
[EventDate "2017.04.23"]
[EventType "tourn (rapid)"]
[EventRounds "9"]
[EventCountry "CHN"]
[EventCategory "14"]
[SourceTitle "CBM 178 Extra"]
[Source "ChessBase"]
[SourceDate "2017.06.22"]
[SourceVersion "1"]
[SourceVersionDate "2017.06.22"]
[SourceQuality "1"]

1. d4 Nf6 2. c4 g6 3. Nc3 Bg7 4. Nf3 0-0 5. e4 d6 6. Be2 e5 7. d5 a5 8. h3 Na6 9. Be3 Nc5 10. Nd2 Nfd7 11. g4 a4 12. Qc2 Nb6 13. Rg1 c6 14. 0-0-0 cxd5 15. exd5 f5 16. f3 a3 17. b3 Na6 18. Kb1 Nb4 19. Qc1 e4 20. fxe4 f4 21. Bf2 Nd7 22. Nf3 Ne5 23. Bd4 Qe7 24. Nxe5 Bxe5 25. Bf3 Bd7 26. Qd2 Rfc8 27. Ne2 Na6 28. Bxe5 dxe5 29. d6 Qe8 30. Nc3 Nb4 31. Nd5 Nxd5 32. Qxd5+ Qe6 33. g5 Rc6 34. h4 Kf7 35. Qd3 Qe8 36. Qd5+ Qe6 37. Qd2 Qh3 38. Qc3 b5 39. h5 bxc4 40. hxg6+ hxg6 41. Rh1 Qg3 42. Qxe5 Qxf3 43. Rh7+ Kf8 44. Qh8# 1-0

[Event "Fufeng BRICS Masters 1st"]
[Site "Fufeng"]
[Date "2017.04.23"]
[Round "2"]
[White "Potkin, Vladimir"]
[Black "Steel, Henry Robert"]
[Result "1-0"]
[WhiteElo "2594"]
[BlackElo "2414"]
[PlyCount "75"]
[EventDate "2017.04.23"]
[EventType "tourn (rapid)"]
[EventRounds "9"]
[EventCountry "CHN"]
[EventCategory "14"]
[SourceTitle "CBM 178 Extra"]
[Source "ChessBase"]
[SourceDate "2017.06.22"]
[SourceVersion "1"]
[SourceVersionDate "2017.06.22"]
[SourceQuality "1"]

1. d4 Nf6 2. c4 g6 3. Nc3 Bg7 4. e4 0-0 5. Nf3 d6 6. h3 e5 7. d5 a5 8. Be3 Na6 9. g4 Nd7 10. a3 Nac5 11. Rg1 a4 12. Nd2 c6 13. Qc2 Nb6 14. 0-0-0 cxd5 15. exd5 f5 16. f3 Bd7 17. Kb1 Rc8 18. Ka2 Kh8 19. Be2 Bf6 20. g5 Bg7 21. h4 e4 22. fxe4 Nxe4 23. Ndxe4 fxe4 24. Bd4 Nxc4 25. Bxg7+ Kxg7 26. Qxe4 Ne5 27. Qb4 Rc5 28. Rgf1 Rxf1 29. Rxf1 b5 30. Qd4 Bf5 31. Bxb5 Rxb5 32. Nxb5 Bd3 33. Nxd6 Qxd6 34. Re1 Bc4+ 35. Ka1 Qxd5 36. Qxd5 Bxd5 37. Rxe5 Bb3 38. Re7+ 1-0

[Event "Cape Town Chess Lounge"]
[Site "Cape Town"]
[Date "2016.11.27"]
[Round "1"]
[White "Anwuli, Daniel"]
[Black "Steel, Henry Robert"]
[Result "0-1"]
[WhiteElo "2331"]
[BlackElo "2407"]
[PlyCount "114"]
[EventDate "2016.11.27"]
[EventType "tourn"]
[EventRounds "9"]
[EventCountry "RSA"]
[EventCategory "1"]
[SourceTitle "EXT 2018"]
[Source "ChessBase"]
[SourceDate "2017.10.13"]
[SourceVersion "1"]
[SourceVersionDate "2017.10.13"]
[SourceQuality "1"]

1. c4 Nf6 2. g3 c5 3. Bg2 g6 4. Nc3 Bg7 5. Nf3 0-0 6. d4 cxd4 7. Nxd4 Nc6 8. 0-0 Qa5 9. Nc2 Qh5 10. e4 d6 11. Qxh5 Nxh5 12. Nd5 Be6 13. Bg5 Nf6 14. Bxf6 exf6 15. Nce3 Rac8 16. Rad1 Rfe8 17. b3 f5 18. exf5 gxf5 19. Bh3 Nd4 20. Kg2 b5 21. cxb5 Rc5 22. Nf4 Rxb5 23. Rd2 Bc8 24. Nc4 Bb7+ 25. f3 Rd8 26. Rd3 a5 27. Rfd1 Nxf3 28. Rxf3 a4 29. bxa4 Rb4 30. Ne3 Rb2+ 31. Kg1 Bxf3 32. Rf1 Be4 33. Bxf5 Bd4 34. Bxe4 Bxe3+ 35. Kh1 Bxf4 36. gxf4 Rxa2 37. Rg1+ Kh8 38. Bd5 Rxa4 39. Bxf7 Rxf4 40. Bd5 Rd4 41. Be6 Re8 42. Bf7 Rf8 43. Be6 Rd2 44. h3 Re2 45. Bg4 Ref2 46. Rg3 Rf1+ 47. Kh2 R8f2+ 48. Rg2 Rxg2+ 49. Kxg2 Rf8 50. Bf3 Kg7 51. Kf2 Rxf3+ 52. Kxf3 Kf6 53. Kf4 d5 54. Kg4 Ke5 55. Kf3 Kd4 56. Ke2 Kc3 57. h4 h5 0-1

[Event "Olympiad-41"]
[Site "Tromsoe"]
[Date "2014.08.11"]
[Round "9.2"]
[White "Steel, Henry Robert"]
[Black "Rios, Cristhian Camilo"]
[Result "1-0"]
[WhiteElo "2399"]
[BlackElo "2427"]
[PlyCount "85"]
[EventDate "2014.08.02"]
[EventType "team-swiss"]
[EventRounds "11"]
[EventCountry "NOR"]
[SourceTitle "CBM 162"]
[Source "ChessBase"]
[SourceDate "2014.09.17"]
[SourceVersion "1"]
[SourceVersionDate "2014.09.17"]
[SourceQuality "1"]
[WhiteTeam "South Africa"]
[BlackTeam "Colombia"]
[WhiteTeamCountry "RSA"]
[BlackTeamCountry "COL"]

1. e4 c5 2. Nf3 e6 3. d4 cxd4 4. Nxd4 Nf6 5. Nc3 d6 6. Be2 Nc6 7. 0-0 Be7 8. Be3 0-0 9. f4 Bd7 10. Nb3 a5 11. a4 Nb4 12. Bf3 e5 13. Rf2 Be6 14. Rd2 Qc8 15. Nd5 Bxd5 16. exd5 e4 17. Be2 Bd8 18. c3 Na6 19. g4 h6 20. Kh1 Nc7 21. c4 Nd7 22. Qg1 Na6 23. Nd4 Nac5 24. Rf1 Nd3 25. Qg2 N7c5 26. Nf5 Qd7 27. Bxd3 exd3 28. Bxc5 dxc5 29. b3 Re8 30. Rxd3 Bf6 31. Qh3 Rad8 32. Rg3 Re4 33. g5 hxg5 34. fxg5 Be5 35. g6 fxg6 36. Rxg6 Re2 37. Rg2 Rxg2 38. Qxg2 Re8 39. Qg4 Qc7 40. Qg6 Qd7 41. Nh6+ Kh8 42. Nf7+ Kg8 43. Ng5 1-0

[Event "Olympiad-41"]
[Site "Tromsoe"]
[Date "2014.08.04"]
[Round "3.2"]
[White "Steel, Henry Robert"]
[Black "Teh, Eu Wen Aron"]
[Result "1-0"]
[WhiteElo "2399"]
[BlackElo "2309"]
[PlyCount "129"]
[EventDate "2014.08.02"]
[EventType "team-swiss"]
[EventRounds "11"]
[EventCountry "NOR"]
[SourceTitle "CBM 162"]
[Source "ChessBase"]
[SourceDate "2014.09.17"]
[SourceVersion "1"]
[SourceVersionDate "2014.09.17"]
[SourceQuality "1"]
[WhiteTeam "South Africa"]
[BlackTeam "Malaysia"]
[WhiteTeamCountry "RSA"]
[BlackTeamCountry "MAS"]

1. e4 e5 2. Nf3 Nc6 3. d4 exd4 4. Nxd4 Nf6 5. Nc3 Bb4 6. Nxc6 bxc6 7. Bd3 0-0 8. 0-0 d5 9. exd5 cxd5 10. h3 c6 11. Qf3 Bd6 12. Ne2 Nd7 13. Bf4 Bxf4 14. Qxf4 Nc5 15. Nd4 Nxd3 16. cxd3 Qb6 17. Rac1 Qxb2 18. Rxc6 Qa3 19. Re1 Bd7 20. Rc7 Rad8 21. Re3 Qxa2 22. Re7 Be8 23. Kh2 Qa6 24. Ne6 Qxe6 25. Rxe6 fxe6 26. Qe5 Rf6 27. Rxa7 Bf7 28. f3 Rf8 29. Qc7 h6 30. d4 Kh7 31. h4 Rg8 32. Kg1 Bg6 33. Qe5 Rgf8 34. Re7 Bf5 35. Qc7 Rg8 36. h5 Rff8 37. Kh2 Re8 38. Rd7 Kh8 39. Qe5 Rd8 40. Rxd8 Rxd8 41. g4 Bh7 42. Qxe6 Bg8 43. Qe5 Rf8 44. Kg3 Rf6 45. Qc7 Be6 46. f4 Bg8 47. g5 Ra6 48. g6 Rf6 49. Qd7 Be6 50. Qe8+ Bg8 51. Qe7 Re6 52. Qd7 Re3+ 53. Kg2 Re6 54. f5 Ra6 55. Kg3 Rb6 56. Kf4 Ra6 57. Ke5 Ra1 58. Qe7 Re1+ 59. Kd6 Rf1 60. Qe5 Ra1 61. f6 Ra6+ 62. Ke7 Ra7+ 63. Kd8 Ra8+ 64. Kc7 Ra7+ 65. Kb6 1-0

[Event "Cape Town Steinitz Memorial"]
[Site "Cape Town"]
[Date "2014.05.16"]
[Round "8"]
[White "Kobese, Watu"]
[Black "Steel, Henry Robert"]
[Result "1/2-1/2"]
[WhiteElo "2333"]
[BlackElo "2415"]
[PlyCount "60"]
[EventDate "2014.05.09"]
[EventType "tourn"]
[EventRounds "9"]
[EventCountry "RSA"]
[EventCategory "6"]
[SourceTitle "EXT 2015"]
[Source "ChessBase"]
[SourceDate "2014.11.20"]
[SourceVersion "1"]
[SourceVersionDate "2014.11.20"]
[SourceQuality "1"]

1. e4 c5 2. Nf3 e6 3. d4 cxd4 4. Nxd4 Nf6 5. Nc3 d6 6. Bc4 Be7 7. Bb3 Na6 8. g4 Nc5 9. Qe2 a6 10. g5 Nfd7 11. Rg1 Qc7 12. f4 b5 13. Bd5 Rb8 14. a3 exd5 15. Nxd5 Qb7 16. Nf5 Bf8 17. Be3 Nxe4 18. 0-0-0 Ndc5 19. Nxg7+ Bxg7 20. Bxc5 Bf5 21. Bxd6 Rd8 22. Nf6+ Bxf6 23. gxf6 Qc6 24. Be7 Rc8 25. Rge1 Ng3 26. hxg3 Qxc2+ 27. Qxc2 Rxc2+ 28. Kb1 Re2+ 29. Kc1 Rc2+ 30. Kb1 Re2+ 1/2-1/2

[Event "Olympiad-40"]
[Site "Istanbul"]
[Date "2012.09.09"]
[Round "11.3"]
[White "Edouard, Romain"]
[Black "Steel, Henry Robert"]
[Result "1-0"]
[WhiteElo "2652"]
[BlackElo "2397"]
[PlyCount "49"]
[EventDate "2012.08.28"]
[EventType "team-swiss"]
[EventRounds "11"]
[EventCountry "TUR"]
[SourceTitle "CBM 151"]
[Source "ChessBase"]
[SourceDate "2012.11.13"]
[SourceVersion "1"]
[SourceVersionDate "2012.11.13"]
[SourceQuality "1"]
[WhiteTeam "France"]
[BlackTeam "South Africa"]
[WhiteTeamCountry "FRA"]
[BlackTeamCountry "RSA"]

1. e4 c5 2. Nf3 e6 3. d4 cxd4 4. Nxd4 Nc6 5. Nc3 Qc7 6. f4 a6 7. Nxc6 Qxc6 8. Bd3 b5 9. Qe2 Bb7 10. Bd2 Bc5 11. 0-0-0 b4 12. Nd5 Ne7 13. Ne3 0-0 14. f5 Bd4 15. Rhf1 exf5 16. exf5 a5 17. f6 Ng6 18. fxg7 Rfe8 19. Bc4 d5 20. Bb5 Qe6 21. Rde1 Qe5 22. Bxe8 Bxb2+ 23. Kb1 Ba3 24. Bxf7+ Kxg7 25. Nf5+ 1-0

[Event "Olympiad-40"]
[Site "Istanbul"]
[Date "2012.08.31"]
[Round "4.3"]
[White "Steel, Henry Robert"]
[Black "Milos, Gilberto"]
[Result "1/2-1/2"]
[WhiteElo "2397"]
[BlackElo "2593"]
[PlyCount "85"]
[EventDate "2012.08.28"]
[EventType "team-swiss"]
[EventRounds "11"]
[EventCountry "TUR"]
[SourceTitle "CBM 151"]
[Source "ChessBase"]
[SourceDate "2012.11.13"]
[SourceVersion "1"]
[SourceVersionDate "2012.11.13"]
[SourceQuality "1"]
[WhiteTeam "South Africa"]
[BlackTeam "Brazil"]
[WhiteTeamCountry "RSA"]
[BlackTeamCountry "BRA"]

1. e4 d6 2. d4 Nf6 3. Nc3 g6 4. Nf3 Bg7 5. h3 a6 6. Bd3 0-0 7. 0-0 Nc6 8. d5 Ne5 9. Nxe5 dxe5 10. a4 e6 11. dxe6 Bxe6 12. a5 Nh5 13. Qf3 Qh4 14. Rd1 Rad8 15. Be3 Nf4 16. Bf1 c6 17. Rxd8 Rxd8 18. Rd1 Bf8 19. Bb6 Rxd1 20. Qxd1 Qe7 21. Qd8 Qxd8 22. Bxd8 Bd6 23. Na4 Kf8 24. Bb6 Ke7 25. Nc5 Bc8 26. Bc4 g5 27. c3 h5 28. f3 h4 29. Kf2 Ke8 30. b4 Ke7 31. Nb3 Ke8 32. Bf1 Be6 33. Nc5 Bc8 34. Nb3 Be6 35. Nd2 f6 36. Nc4 Be7 37. Be3 Kd7 38. Nb6+ Kc7 39. Na4 Bd6 40. Bb6+ Kc8 41. Nb2 Kd7 42. Nc4 Be7 43. Nb2 1/2-1/2

[Event "Olympiad-40"]
[Site "Istanbul"]
[Date "2012.08.29"]
[Round "2.2"]
[White "Steel, Henry Robert"]
[Black "Goh, Wei Ming Kevin"]
[Result "0-1"]
[WhiteElo "2397"]
[BlackElo "2437"]
[PlyCount "86"]
[EventDate "2012.08.28"]
[EventType "team-swiss"]
[EventRounds "11"]
[EventCountry "TUR"]
[SourceTitle "CBM 151"]
[Source "ChessBase"]
[SourceDate "2012.11.13"]
[SourceVersion "1"]
[SourceVersionDate "2012.11.13"]
[SourceQuality "1"]
[WhiteTeam "South Africa"]
[BlackTeam "Singapore"]
[WhiteTeamCountry "RSA"]
[BlackTeamCountry "SIN"]

1. e4 e6 2. d4 d5 3. Nc3 Bb4 4. e5 c5 5. a3 Bxc3+ 6. bxc3 Ne7 7. h4 Nbc6 8. Nf3 f6 9. h5 fxe5 10. dxe5 h6 11. Bf4 0-0 12. Qd2 Qa5 13. Rh4 Nf5 14. Rh3 Nd6 15. Nh4 Ne4 16. Qc1 Bd7 17. Ng6 Rf7 18. Rb1 Qc7 19. Qe3 Be8 20. f3 Rxf4 21. Nxf4 Ng5 22. Rh1 d4 23. cxd4 cxd4 24. Qe2 Nxe5 25. Nd3 Nc4 26. f4 Nf7 27. Qxe6 Ba4 28. Kf2 Nd2 29. Re1 Bxc2 30. Ne5 Bb3 31. Qf5 Nd6 32. Qg6 Rf8 33. Bd3 Rxf4+ 34. Kg3 Rf6 35. Qh7+ Kf8 36. Rc1 N6e4+ 37. Kh4 Qxe5 38. Rc8+ Ke7 39. Qxg7+ Bf7 40. Qf8+ Ke6 41. Re8+ Bxe8 42. Qxe8+ Kd5 43. Qd7+ Nd6 0-1

[Event "RSA-ch 45th"]
[Site "Cape Town"]
[Date "2011.12.03"]
[Round "10"]
[White "Klaasen, Calvin Jong"]
[Black "Steel, Henry Robert"]
[Result "0-1"]
[WhiteElo "2093"]
[BlackElo "2388"]
[PlyCount "94"]
[EventDate "2011.11.26"]
[EventType "tourn"]
[EventRounds "11"]
[EventCountry "RSA"]
[SourceTitle "CBM 145 Extra"]
[Source "ChessBase"]
[SourceDate "2012.01.03"]
[SourceVersion "1"]
[SourceVersionDate "2012.01.03"]
[SourceQuality "1"]

1. d4 Nf6 2. c4 g6 3. Nc3 Bg7 4. e4 0-0 5. f3 d6 6. Nge2 c5 7. d5 e6 8. Ng3 exd5 9. cxd5 Nbd7 10. Be2 h5 11. 0-0 h4 12. Nh1 Nh5 13. Be3 f5 14. f4 Nhf6 15. exf5 gxf5 16. Bf3 Ne4 17. Bxe4 fxe4 18. Qh5 Nf6 19. Qxh4 b5 20. Rfd1 b4 21. Ne2 Ng4 22. Qg3 Nxe3 23. Qxe3 Bg4 24. Nhg3 Bxb2 25. Rab1 Bg7 26. h3 Bxe2 27. Nxe2 Qe7 28. g4 Rae8 29. Kg2 a5 30. Rbc1 a4 31. Rc4 a3 32. Kg3 Bf6 33. Rh1 Bh4+ 34. Kg2 Qf7 35. Rd1 Bg5 36. Kg3 Qh7 37. Rh1 Qh4+ 38. Kg2 b3 39. axb3 Bf6 40. Ra4 Ra8 41. Nc1 Rxa4 42. bxa4 Bd4 43. Qe1 Qxe1 44. Rxe1 Rb8 45. Re2 Rb2 46. Kf1 Rb1 47. Rc2 Bb2 0-1

[Event "RSA-ch 45th"]
[Site "Cape Town"]
[Date "2011.12.03"]
[Round "9"]
[White "Steel, Henry Robert"]
[Black "Van Rensburg, Ryan Pierre"]
[Result "1-0"]
[WhiteElo "2388"]
[BlackElo "2103"]
[PlyCount "64"]
[EventDate "2011.11.26"]
[EventType "tourn"]
[EventRounds "11"]
[EventCountry "RSA"]
[SourceTitle "CBM 145 Extra"]
[Source "ChessBase"]
[SourceDate "2012.01.03"]
[SourceVersion "1"]
[SourceVersionDate "2012.01.03"]
[SourceQuality "1"]

1. e4 c5 2. Nf3 Nc6 3. d4 cxd4 4. Nxd4 Nf6 5. Nc3 e5 6. Ndb5 d6 7. Bg5 a6 8. Na3 b5 9. Nd5 Be7 10. Bxf6 Bxf6 11. c4 b4 12. Nc2 Rb8 13. b3 Bg5 14. Be2 f5 15. exf5 Bxf5 16. Nce3 Bg6 17. Bh5 Bxh5 18. Qxh5+ g6 19. Qg4 0-0 20. h4 Bxe3 21. fxe3 Qc8 22. Qxc8 Rbxc8 23. Ke2 a5 24. g4 Kf7 25. g5 Ne7 26. Rhf1+ Ke6 27. Nxe7 Kxe7 28. Kd3 Rf5 29. Ke4 Ke6 30. Rad1 Rc6 31. Rf3 a4 32. Rdf1 Rc7 1-0